|
|
|
|
| LEADER |
00689nas a2200181 i 4500 |
| 001 |
acta42449 |
| 005 |
20260224081030.0 |
| 008 |
170606s2012 hu o 000 eng d |
| 022 |
|
|
|a 1417-3875
|
| 040 |
|
|
|a SZTE Egyetemi Kiadványok Repozitórium
|b hun
|
| 041 |
|
|
|a eng
|
| 100 |
1 |
|
|a Duan Lian
|
| 245 |
1 |
0 |
|a Periodic solutions for a neutral delay predator-prey model with nonmonotonic functional response
|h [elektronikus dokumentum] /
|c Duan Lian
|
| 260 |
|
|
|c 2012
|
| 300 |
|
|
|a 1-15
|
| 490 |
0 |
|
|a Electronic journal of qualitative theory of differential equations
|
| 695 |
|
|
|a Ragadozó-zsákmány modell
|
| 856 |
4 |
0 |
|u http://acta.bibl.u-szeged.hu/42449/1/ejqtde_2012_048_001-015.pdf
|z Dokumentum-elérés
|